| 000 | 00766cam a2200241u 4500 | ||
|---|---|---|---|
| 999 |
_c20361 _d20361 |
||
| 001 | 6587513 | ||
| 003 | BDDh-ASL | ||
| 005 | 20231015025859.0 | ||
| 008 | 851018s1965 pk 000 0 eng | ||
| 010 | _asa 65010805 | ||
| 040 |
_aDLC _cCarP _dDLC _dBDDh-ASL |
||
| 050 | 0 | 0 |
_aKBP50 _b.R34 1965 |
| 082 |
_a297.09 _bFAI |
||
| 100 | 1 |
_aRahman, Fazlur, _d1919-1988. |
|
| 245 | 1 | 0 | _aIslamic methodology in history / |
| 260 |
_aKarachi: _bCentral Institute of Islamic Research, _c1965. |
||
| 300 |
_axi, 208 p. _c22 cm. |
||
| 650 | 0 | _aIslamic law. | |
| 810 | 1 |
_aKarachi. _bCentral Institute of Islamic Research. _tPublications, _vno. 2. [from old catalog] |
|
| 906 |
_a0 _bcbc _cpremunv _du _encip _f19 _gy-gencatlg |
||
| 942 |
_2ddc _cBK |
||